Pokémon Ultra-Soleil et Ultra-Lune- Tous les endroits d'Alola - Statistiques

Statistiques générales
  • Ce quiz a été pris 9 fois
    8 depuis la dernière actualisation
  • Le résultat moyen est 56 sur 88
Statistiques - réponses
Endroits d'Alola à explorer dans Ultra-Soleil et Ultra-Lune % Correct
Colline Clapotis
100%
Ekaeka
100%
Grand Canyon de Poni
100%
Ho'ohale
100%
Ile Noadkoko
100%
Kokohio
100%
Konikoni
100%
Lili'i
100%
Malié
100%
Mont Hokulani
100%
Ohana
100%
Parc Volcanique
100%
Route 1
100%
Route 10
100%
Route 11
100%
Route 12
100%
Route 13
100%
Route 14
100%
Route 15
100%
Route 16
100%
Route 17
100%
Route 2
100%
Route 3
100%
Route 4
100%
Route 5
100%
Route 6
100%
Route 7
100%
Route 8
100%
Route 9
100%
Tunnel Taupiqueur
100%
Village Flottant
100%
Autel de la Lune
75%
Autel du Soleil
75%
Club Hano-Hano
75%
Forêt de Poni
75%
Grotte Verdoyante
75%
Jardin de Mele-Mele
75%
Jungle Sombrefeuille
75%
Ligue Pokémon
75%
Mer de Mele-Mele
75%
Mont Lanakila
75%
Paradis Aether
75%
Parc de Malié
75%
Plage Big Wave
75%
Plaine de Poni
75%
Ranch Ohana
75%
Rue du Dôme Royal
75%
Vieille Route
75%
Village Toko
75%
Abords d'Ekaeka
50%
Caverne Coda
50%
Cimetière d'Ekaeka
50%
Colline Dicarat
50%
Colline Memento
50%
Côte Reculée d'Akala
50%
Grotte Verlamer
50%
Jardin de Poni
50%
Jardin d'Ula-Ula
50%
Lac du Halo Lunaire
50%
Lac du Halo Solaire
50%
Plage Hano-Hano
50%
Ruines de l'Au-Delà
50%
Ruines de l'Essor
50%
Ruines du Conflit
50%
Sentier de Mahalo
50%
Ancien site Bradley Prix
25%
Arbre de Combat
25%
Cap Passiloin
25%
Champ de Baies
25%
Côte de Poni
25%
Ecole de Dresseurs
25%
Grotte de la Plage
25%
Manoir Chelou
25%
Plage de Poni
25%
Plage d'Ho'ohale
25%
Plage d'Ula-Ula
25%
Prairie de Poni
25%
Récif de Poni
25%
Ruines de l'Eveil
25%
Baie de Kalae
0%
Château Rocket
0%
Chemin du Défi
0%
Désert Haina
0%
Grotte de la Plaine
0%
Mont Ardent
0%
Plaine des Pikachu
0%
Tunnel Perce-Mont
0%
Ultra-Gratte-Ciel
0%
Aucun quiz correspondant
Distribution des résultats
% des personnes avec chaque résultat
Percentile par nombre de réponses
Votre historique - résultats
Vous n’avez pas pris ce quiz depuis la dernière actualisation